Principios de genética / Eldon John Gardner, Nichael J. Simmons y D. Peter Snustad; traducción Angélica Santana Calderón (Record no. 216918)
[ view plain ]
| 000 -CABECERA | |
|---|---|
| campo de control de longitud fija | 01124nam a2200277Ia 4500 |
| 001 - NÚMERO DE CONTROL | |
| campo de control | Z_3918 |
| 008 - DATOS DE LONGITUD FIJA--INFORMACIÓN GENERAL | |
| campo de control de longitud fija | 220601s9999 xx 000 0 und d |
| 020 ## - NÚMERO INTERNACIONAL ESTÁNDAR DEL LIBRO | |
| Número Internacional Estándar del Libro | 968-18-5305-9 |
| 082 ## - NÚMERO DE LA CLASIFICACIÓN DECIMAL DEWEY | |
| Número de clasificación | 575.1 G37 2000 |
| 100 ## - ENTRADA PRINCIPAL--NOMBRE DE PERSONA | |
| Nombre de persona | Gardner, Eldon John |
| 9 (RLIN) | 46847 |
| 240 ## - TÍTULO UNIFORME | |
| Título uniforme | Principles of genetics |
| 245 ## - MENCIÓN DE TÍTULO | |
| Título | Principios de genética / Eldon John Gardner, Nichael J. Simmons y D. Peter Snustad; traducción Angélica Santana Calderón |
| 250 ## - MENCIÓN DE EDICIÓN | |
| Mención de edición | 4a ed. |
| 260 ## - PUBLICACIÓN, DISTRIBUCIÓN, ETC. | |
| Lugar de publicación, distribución, etc. | México : Limusa Wiley |
| 300 ## - DESCRIPCIÓN FÍSICA | |
| Extensión | xviii, 716 p. |
| 500 ## - NOTA GENERAL | |
| Nota general | Traducción de la obra en inglés: Principles of genetics de la 4a ed. \ La bibioteca cuenta con la 1a reimpresion de 2000, 2a reimpresión de 2002 y 3a reimpresión de 2003 |
| 503 ## - NOTA DE HISTORIA BIBLIOGRÁFICA (BK CF MU) [OBSOLETO] | |
| Nota de historia bibliográfica | ej.1: C/E \ ej.2: C/E \ ej.3: C/E \ ej.4: C/E \ ej.6: C/E |
| 504 ## - NOTA DE BIBLIOGRAFÍA, ETC. | |
| Nota de bibliografía, etc. | Incluye bibliografía e índice |
| 650 ## - PUNTO DE ACCESO ADICIONAL DE MATERIA--TÉRMINO DE MATERIA | |
| Término de materia o nombre geográfico como elemento de entrada | 1. Genética |
| 700 ## - PUNTO DE ACCESO ADICIONAL--NOMBRE DE PERSONA | |
| Nombre de persona | Simmons, Michael J. coaut. \ Snustad, D. Peter, coaut. \ Santana Calderón, Angélica, tr.Ì |
| 9 (RLIN) | 180843 |
| 901 ## - ELEMENTOS DE DATOS A LOCAL LDA (RLIN) | |
| a | 575.1 G37 2000 |
| 902 ## - ELEMENTOS DE DATOS B LOCAL, LDB (RLIN) | |
| a | M |
| 905 ## - ELEMENTOS DE DATOS E LOCAL, LDE (RLIN) | |
| a | 5232272000 mx adn 8221113311spa16 |
| 942 ## - ELEMENTOS DE PUNTO DE ACCESO ADICIONAL (KOHA) | |
| Tipo de ítem Koha | Libro_ |
| Estado de retiro | Estado de pérdida | Fuente del sistema de clasificación o colocación | Estado dañado | Restricciones de uso | No para préstamo | Código de colección | Localización permanente | Ubicación/localización actual | Fecha de adquisición | Fuente de adquisición | Número de inventario | Total de préstamos | Signatura topográfica completa | Código de barras | Fecha visto por última vez | Número de copia | Precio válido a partir de | Tipo de ítem Koha |
|---|---|---|---|---|---|---|---|---|---|---|---|---|---|---|---|---|---|---|
| Dewey Decimal Classification | Préstamo interno | General | Zootecnia | Zootecnia | 23/07/2024 | Compra | C/E | 575.1 G37 2000 | z_4389 | 23/07/2024 | Ej.1 | 23/07/2024 | Libro | |||||
| Dewey Decimal Classification | Préstamo interno | General | Zootecnia | Zootecnia | 23/07/2024 | Compra | C/E | 575.1 G37 2000 | z_4205 | 23/07/2024 | Ej.2 | 23/07/2024 | Libro | |||||
| Dewey Decimal Classification | Préstamo 5 días | General | Zootecnia | Zootecnia | 23/07/2024 | Compra | C/E | 575.1 G37 2000 | z_4655 | 23/07/2024 | Ej.3 | 23/07/2024 | Libro | |||||
| Dewey Decimal Classification | Préstamo 5 días | General | Zootecnia | Zootecnia | 23/07/2024 | Compra | C/E | 575.1 G37 2000 | z_5008 | 23/07/2024 | Ej.4 | 23/07/2024 | Libro | |||||
| Dewey Decimal Classification | Préstamo 5 días | General | Zootecnia | Zootecnia | 23/07/2024 | Compra | C/E | 575.1 G37 2000 | z_5027 | 23/07/2024 | Ej.5 | 23/07/2024 | Libro |
